000
00213 a2200097 4500
001
2943
100
_a
Ispahani, MAH
245
_a
Quaid-e-Azam Jinnah;as g knew
260
_a
_b
Royal Books
_c
090
_c
2235
_d
2235
942
_a
NUST-CAE
_c
M
_c
13725
999
_c
238016
_d
238016